Länder in der Nähe von Niue - Statistiken

Allgemein
  • Dieses Quiz wurde 81 mal gespielt
  • Das Durchschnittsergebnis liegt bei 19 aus 24
Antwortstatistiken
Km Land % Korrekt
3393 Australien
94%
2365 Neuseeland
94%
3406 Marshallinseln
93%
6755 Palau
93%
569 Samoa
93%
932 Fidschi
91%
5390 Indonesien
91%
1460 Tuvalu
91%
2083 Vanuatu
91%
4013 Mikronesien
90%
419 Tonga
90%
3936 Papua-Neuguinea
88%
2605 Salomonen
88%
1800 Kiribati
87%
3255 Nauru
87%
8208 Malaysia
81%
6855 Timor-Leste
81%
4488 Vereinigte Staaten
81%
8576 Brunei
72%
7549 Philippinen
72%
7251 Japan
66%
6186 Chile
57%
7928 Mexiko
36%
704 Cookinseln
31%
Keine übereinstimmenden Quizze gefunden
Verteilung der Resultate
Anzahl Personen mit jedem Resultat
Perzentil nach korrekt beantworteten Fragen
Ihre Resultats-Entwicklung
Sie haben dieses Quiz noch nicht gespielt